【1999年】宮城県の「町」の読み - Statistics

General Stats
  • This quiz has been taken 13 times
  • The average score is 35 of 59
Answer Stats
Question Answer % Correct
蔵王町 まち
78%
七ヶ宿町 まち
78%
大河原町 まち
78%
川崎町 まち
78%
利府町 ちょう
78%
大和町 ちょう
78%
小野田町 まち
78%
河北町 ちょう
78%
矢本町 ちょう
78%
河南町 ちょう
78%
村田町 まち
67%
柴田町 まち
67%
丸森町 まち
67%
亘理町 ちょう
67%
松島町 まち
67%
七ヶ浜町 まち
67%
大郷町 ちょう
67%
富谷町 まち
67%
中新田町 まち
67%
松山町 まち
67%
鹿島台町 まち
67%
鳴子町 ちょう
67%
志波姫町 ちょう
67%
登米町 まち
67%
石越町 まち
67%
雄勝町 ちょう
67%
色麻町 ちょう
56%
岩出山町 まち
56%
涌谷町 ちょう
56%
小牛田町 ちょう
56%
栗駒町 まち
56%
高清水町 まち
56%
瀬峰町 ちょう
56%
鶯沢町 ちょう
56%
東和町 ちょう
56%
中田町 ちょう
56%
米山町 ちょう
56%
南方町 まち
56%
桃生町 ちょう
56%
北上町 まち
56%
牡鹿町 ちょう
56%
志津川町 ちょう
56%
本吉町 ちょう
56%
唐桑町 ちょう
56%
歌津町 ちょう
56%
山元町 ちょう
44%
宮崎町 ちょう
44%
三本木町 ちょう
44%
田尻町 ちょう
44%
南郷町 ちょう
44%
築館町 ちょう
44%
若柳町 ちょう
44%
金成町 ちょう
44%
迫町 ちょう
44%
豊里町 ちょう
44%
鳴瀬町 ちょう
44%
女川町 ちょう
44%
津山町 ちょう
44%
一迫町 ちょう
33%
No matching quizzes found
Score Distribution
Percent of People with Each Score
Percentile by Number Answered
Your Score History
You have not taken this quiz